000 00611cab a2200217 4500
001 ABS37930
008 090401t1987 xxu||||| |||| 00| 0 eng d
035 _a(Sirsi) u7672
041 _aeng
100 _aJones, P.B.
245 _aStirling`s last laugh
260 _c1987
350 _a0
490 _aArchitects` Journal
_v186(29) 22 July 1987, 32-44(13)
520 _aBuilding feature on the Clore Gallery at the Tate in London. Includes plans, and photos.
650 _aART GALLERIES
650 _aTATE GALLERY
690 _aBUILDING AND CONSTRUCTION-PROJECTS
942 _n0
948 _c04/03/1997
999 _c4668
_d4668